Impuesto sobre sociedades / (Record no. 112845)

MARC details
000 -LEADER
fixed length control field 00745cam a2200217 4500
008 - FIXED-LENGTH DATA ELEMENTS--GENERAL INFORMATION
fixed length control field 070605n20032003sp a 000 0 spa u
020 ## - INTERNATIONAL STANDARD BOOK NUMBER
International Standard Book Number 849772156x
100 1# - MAIN ENTRY--PERSONAL NAME
Personal name Chico de la Cámara, Pablo.
245 10 - TITLE STATEMENT
Title Impuesto sobre sociedades /
Statement of responsibility, etc Pablo Chico de la Cámara ;prólogo Dr. D. Luis María Cazorla Prieto.
250 ## - EDITION STATEMENT
Edition statement 1a ed.
260 ## - PUBLICATION, DISTRIBUTION, ETC. (IMPRINT)
Place of publication, distribution, etc Madrid :
Name of publisher, distributor, etc Dykinson,
Date of publication, distribution, etc c2003
300 ## - PHYSICAL DESCRIPTION
Extent 160 p. :
Other physical details il. ;
Dimensions 24 cm.
440 #0 - SERIES STATEMENT/ADDED ENTRY--TITLE
Title Ciencias jurídicas y sociales ;
Volume number/sequential designation 4.
Name of part/section of a work Impuesto sobre sociedades.
504 ## - BIBLIOGRAPHY, ETC. NOTE
Bibliography, etc Incluye bibliografías e índice
650 #4 - SUBJECT ADDED ENTRY--TOPICAL TERM
Topical term or geographic name as entry element Impuestos
650 ## - SUBJECT ADDED ENTRY--TOPICAL TERM
Topical term or geographic name as entry element derecho finanaciero
Geographic subdivision España
700 1# - ADDED ENTRY--PERSONAL NAME
Personal name Cazorla Prieto, Luis María, prol.
942 ## - ADDED ENTRY ELEMENTS (KOHA)
Source of classification or shelving scheme Biblioteca del Cogreso de los Estados Unidos
-- IB

No items available.